00330nam a2200121Ia 4500008004100000041000800041082001400049100001900063245004500082260005600127300001400183365001100197240624s9999 xx 000 0 und d aeng a332.6 PRI aPRING MARTIN J aHOW TO SELECT STOCKS USING TECHNICAL ANA c2008aMumbaibShroff Publishers & Distributors Pvt. aLtd.,2008 cRSb25